1899 1123 1980 1255 1333 1381 1601 1574 1998 1814 1308 1928 1329 1317 1848 1635 1092 1385 1194 1726 1870 1986 1792 1100 1658 1819 1671 1531 1213 1732 1148 1808 1125 1313 1833 1849 1147 1174 1392 1729 1188 1015 1293 1860 1394 1567 1959 1784 1567 1404 1136 1103 1085 1222 1552 1528 1498 1601 1089 1296 1051 1026 1238 1094 1907 1206 1751 1327 1587 1314 1500 1880 1386 1789 1941 1960 1949 1001 1795 1993 1594 1745 1508 1181 1621 1233 1338 1119 1593 1200 1994 1524 1144 1130 1623 1641 1321 1562 1458 BCNSPRNW ULIB Ver.6.0+V

เปลี่ยนเป็นภาษาไทย

Change to English
 แสดงรายละเอียดบรรณานุกรม
  กลับหน้าหลัก

Brief Record : Get Marc (ISO 2709) : E-mail record : QR code < ปิดหน้าต่าง
LEADER : 00000nam 2200000uu 4500
001    13399121850
003     ULIB
008    121212s2551||||th 000 0 tha d
020    ^a9789743838972(ล.6)
060 04 ^aWO100^bพ246ศ ล.6
245 00 ^aศัลยศาสตร์ทั่วไป.^nเล่ม 6,^pTips & techniques in operativesurgery /^cคณะบรรณาธิการ, พรพรหม เมืองแมน ... [และคนอื่นๆ]
246 30 ^aศัลยศาสตร์ทั่วไป
246 30 ^aTips & techniques in operative surgery
250    ^aพิมพ์ครั้งที่ 1
260    ^aกรุงเทพฯ :^bโฆษิตการพิมพ์,^c2551
300    ^a362 หน้า :^bภาพประกอบ ;^c22 ซม.
500 หน ^aังสือประกอบการประชุมวิชาการของสมาคมศัลยแพทย์ทั่วไปแห่งประเทศไทย ในพระบรมราชูปถัมภ์ ประจำปี 2551 ครั้งที่ 7 เรื่อง " Tips & techniques in operative surgery" วันที่ 19-21 พฤศจิกายน 2551 ณ อาคารเฉลิมพระบารมี 50 ปี
650  7 ^aศัลยศาสตร์
650  7 ^aศัลยกรรม^vรวมเรื่อง
653    ^aผลงานอาจารย์คณะแพทยศาสตร์ศิริราชพยาบาล
700 0  ^aพรพรหม เมืองแมน,^eบรรณาธิการ
945    ^p650^l0^i16498
995    ^aทศพร
999    ^aทศพร เกษรทอง
รายการนี้ยังไม่มีแท็ก
คุณยังไม่ได้ล็อกอิน คุณสามารถมีกิจกรรมร่วมกับเว็บไซต์ได้ แต่ต้องล็อกอินก่อน ::
  ล็อกอิน

รายการสื่อสารสนเทศ

ลำดับที่ ประเภท เลขเรียก/บาร์โค้ด สถานที่ สถานะ
- ไม่พบข้อมูล -

รายการใกล้เคียง
    หัวเรื่อง [ศัลยศาสตร์]

BibComment


ยังไม่เคยถูกคอมเมนท์

คอมเมนท์ทรัพยากรรายการนี้
  คอมเมนท์: ศัลยศาสตร์ทั่วไป..


 Copyright 2026. Bcnsprnw @Library